| 000 | 00347nam a22001337a 4500 | ||
|---|---|---|---|
| 008 | 170815b xxu||||| |||| 00| 0 eng d | ||
| 020 | _a9780070293939 | ||
| 041 | _aeng | ||
| 080 |
_26 ED _a51 |
||
| 100 | _a36 | ||
| 101 | _aMAT | ||
| 245 |
_aCALCULUS FOR BUSINES ECONOMICS AND THE SOCIAL AND LIFE SCIENCE _cHOFFMAN.L.D |
||
| 942 |
_2udc _cBK |
||
| 999 |
_c23464 _d23464 |
||